00629aas a2200169 4500001001000000003001000010005001700020008004100037022001400078040004100092041000800133245005300141300004500194520014500239650001300384773006200397768714001CO-MdFUSB20171025122036.0171025s2010 ck ||||| |||| 00| 0 spa d a2145-8197 aCO-MdFUSBbspacCO-MdFUSBdCO-MdFUSB aspa 0aM-19 se toma el Palacio de Justiciac/ El Tiempo aNúmero 8 (2010), página 10c: 28 cm.1 aDurante 27 Horas, el grupo guerrillero y el ejército se enfrentaron entro del edificio. Once magistrados murieron y 13 militares murieron.14aHISTORIA0 tdk100049432gNúmero 8 (2010), página 10qPágina 10